000 00423nam a22001937i 4500
001 3594
003 OSt
005 20170126082320.0
007 tu
008 161220s1997 xxu||||| |||| 00| 0 d
024 7 _a3593
_2RID
040 _cOSt
084 _a16.7
_2z
245 0 0 _aReview of Agricultural Policies - Slovak Republic
260 _aParis,
_c1997.
300 _a243 S. ;
_c30cm.
651 _aSlovakia
110 2 _aOECD
_eEd.
942 _cB
999 _c3541
_d3541